[Event "Kriegsp."]
[Site "?"]
[Date "1975.??.??"]
[Round "?"]
[White "Brameld, Arthur F"]
[Black "Goldstone, Roger"]
[Result "1-0"]
[WhiteElo "2150"]
[BlackElo "1630"]
[PlyCount "157"]
[EventDate "1975.??.??"]
[EventType "simul"]
[EventRounds "2"]

1. d4 g6 2. c4 Bg7 3. f4 Nf6 4. Nf3 d6 5. b3 Nbd7 6. Bb2 O-O 7. Nbd2 a6 8. e4 h6 9. Be2 Rb8 10. a3 Kh7 11. Rc1 Ne8 12. h3 f6 13. O-O e5 14. fxe5 fxe5 15. d5 Qe7 16. Nh2 Rf6 17. g4 Qf8 18. Rf3 b6 19. Qe1 Bb7 20. Qf2 Rf7 21. Rf1 Bf6 22. Bc1 Qg7 23. Bd3 g5 24. Nb1 Kg6 25. Bd2 Qf8 26. b4 Bd8 27. Be3 Rf4 28. Nd2 Ndf6 29. Nb3 Qg7 30. Rc1 Kf7 31. c5 b5 32. c6 Bc8 33. Na5 Qh7 34. Nf1 Nxe4 35. Bxe4 Nf6 36. Nd2 Ke7 37. Rf1 Nxe4 38. Nxe4 Rxe4 39. Rd1 Rf4 40. Rd2 Kf6 41. Rg3 e4 42. Qg2 Ke5 43. Nb3 Rf3 44. Rd4 Kf6 45. Nd2 Kf7 46. Nxe4 Rxe3 47. Rxe3 Bf6 48. Rdd3 Bd4 49. Qe2 Qg7 50. Kf2 Bxe3+ 51. Rxe3 Qg6 52. Ng3 h5 53. gxh5 Qxh5 54. Nxh5 Kg6 55. Ng3 Bf5 56. Kg2 Rc8 57. Qd3 Kh6 58. Nxf5+ Kg6 59. Re6+ Kf7 60. Qf3 Re8 61. Nh6+ Kg7 62. Qc3+ Kh7 63. Rf6 Rf8 64. Ng4 Kg7 65. Qd3 Rxf6 66. Nxf6 Kxf6 67. Qf3+ Ke5 68. Kg3 Kd4 69. Kg4 Ke5 70. Kxg5 a5 71. bxa5 Kd4 72. Qf5 Kc5 73. a6 Kb6 74. a7 Kxa7 75. Qf2+ Ka6 76. h4 Ka5 77. Qe3 Ka4 78. Qc3 b4 79. Qxb4# 1-0

[Event "FareClub"]
[Site "?"]
[Date "1975.??.??"]
[Round "?"]
[White "Brameld, Arthur F"]
[Black "Lancashire, A."]
[Result "1-0"]
[WhiteElo "2150"]
[BlackElo "1655"]
[PlyCount "87"]
[EventDate "1975.??.??"]
[EventType "simul"]
[EventRounds "8"]

1. e4 e5 2. Nf3 Nc6 3. d4 exd4 4. c3 d5 5. exd5 Qxd5 6. cxd4 Bg4 7. Be2 Bb4+ 8. Nc3 Bxc3+ 9. bxc3 Nf6 10. O-O O-O 11. h3 Bf5 12. c4 Qd7 13. d5 Ne7 14. Bb2 Ne8 15. Ne5 Qc8 16. g4 f6 17. Nd3 Bg6 18. Nf4 Bf7 19. Bd3 Ng6 20. Nxg6 Bxg6 21. Bxg6 hxg6 22. Qd3 f5 23. f3 Nd6 24. c5 Ne8 25. Rae1 Qd7 26. Re6 Rd8 27. Rfe1 Nf6 28. Re7 Qxd5 29. Qxd5+ Rxd5 30. Rxc7 Rd7 31. Re7 Rd1+ 32. Kf2 Rd2+ 33. Re2 Rxe2+ 34. Kxe2 fxg4 35. hxg4 Rf7 36. Rc8+ Rf8 37. Rxf8+ Kxf8 38. Kd3 Ke7 39. Kc4 Ke6 40. a4 Ne8 41. f4 Kd7 42. f5 gxf5 43. gxf5 Kc6 44. Be5 1-0

[Event "FareClub"]
[Site "?"]
[Date "1975.??.??"]
[Round "?"]
[White "Cole, Mike"]
[Black "Brameld, Arthur F"]
[Result "0-1"]
[WhiteElo "1740"]
[BlackElo "2150"]
[PlyCount "104"]
[EventDate "1975.??.??"]
[EventType "simul"]
[EventRounds "8"]

1. e4 Nf6 2. d3 e5 3. Be2 Nc6 4. c3 d5 5. Nd2 Bc5 6. Ngf3 O-O 7. b4 Bb6 8. O-O a6 9. exd5 Nxd5 10. Qc2 Nf4 11. Nc4 Nxe2+ 12. Qxe2 Bg4 13. Nxb6 cxb6 14. Qe3 Qd5 15. c4 Qd6 16. Bb2 Bxf3 17. gxf3 Rad8 18. Qxb6 Qg6+ 19. Kh1 Rxd3 20. Rg1 Qf5 21. Rg3 Rxf3 22. Rag1 Rxg3 23. fxg3 Qe4+ 24. Rg2 Qb1+ 25. Qg1 Qe4 26. b5 axb5 27. cxb5 Nb4 28. Ba3 Rc8 29. Bxb4 Qxb4 30. Qf1 Qa3 31. Rd2 h6 32. Kg2 e4 33. Qf5 Re8 34. Rf2 Re7 35. Qc8+ Kh7 36. Qc2 g6 37. Qb3 Qxb3 38. axb3 Kg7 39. Rc2 Re5 40. Rc4 e3 41. Kf1 Rxb5 42. Rc3 Re5 43. Ke2 Kf6 44. b4 b5 45. Rc6+ Kf5 46. h3 h5 47. Rc5 Rxc5 48. bxc5 Ke5 49. c6 Kd6 50. c7 Kxc7 51. Kxe3 Kd6 52. Kd4 g5 0-1

[Event "FareClub"]
[Site "?"]
[Date "1975.??.??"]
[Round "?"]
[White "Brameld, Arthur F"]
[Black "Silber, Warwick"]
[Result "1-0"]
[WhiteElo "2150"]
[BlackElo "1885"]
[PlyCount "79"]
[EventDate "1975.??.??"]
[EventType "simul"]
[EventRounds "8"]

1. e4 e5 2. Bc4 Qg5 3. Qf3 Qg6 4. Nc3 c6 5. d3 Bc5 6. Be3 Bxe3 7. fxe3 b5 8. Bb3 a5 9. a3 Na6 10. Nge2 Qf6 11. O-O Qxf3 12. Rxf3 Nf6 13. Ng3 O-O 14. Nf5 Nc5 15. Ba2 Ne6 16. Bxe6 fxe6 17. Nd6 Ne8 18. Nxe8 Rxe8 19. Raf1 b4 20. Na4 bxa3 21. bxa3 Rb8 22. Rf7 d6 23. Rc7 Rb7 24. Rff7 Rxc7 25. Rxc7 d5 26. Nc5 dxe4 27. Nxe4 Ba6 28. Ra7 Bxd3 29. cxd3 Rd8 30. Nf2 Rd5 31. Kf1 Rc5 32. Ke2 h5 33. Kf3 g5 34. Ne4 g4+ 35. Kg3 Rb5 36. Nf6+ Kf8 37. Kh4 Rb3 38. Kg5 Rxd3 39. Kg6 Rxa3 40. Rf7# 1-0

[Event "FareClub"]
[Site "?"]
[Date "1975.??.??"]
[Round "?"]
[White "Brameld, Arthur F"]
[Black "Craig, Jim"]
[Result "1-0"]
[WhiteElo "2150"]
[BlackElo "1605"]
[PlyCount "39"]
[EventDate "1975.??.??"]
[EventType "simul"]
[EventRounds "8"]

1. e4 e5 2. Nf3 Nc6 3. d4 f6 4. Bc4 d6 5. dxe5 Nxe5 6. Nxe5 fxe5 7. Bxg8 Qh4 8. Bb3 Bd7 9. Nc3 O-O-O 10. Be3 Bc6 11. Qe2 a6 12. O-O-O Bxe4 13. g3 Qe7 14. Nxe4 d5 15. Bg5 Qe6 16. Bxd8 Kxd8 17. Rxd5+ Bd6 18. Rxd6+ Qxd6 19. Nxd6 cxd6 20. Rd1 1-0

[Event "Match"]
[Site "?"]
[Date "1975.??.??"]
[Round "?"]
[White "Brameld, Arthur F"]
[Black "Carter, Anthony FC"]
[Result "1-0"]
[WhiteElo "2150"]
[BlackElo "2140"]
[PlyCount "96"]
[EventDate "1975.??.??"]
[EventType "game"]

1. e4 e5 2. Nf3 Nc6 3. d4 exd4 4. c3 d5 5. exd5 Qxd5 6. cxd4 Nf6 7. Be2 Bb4+ 8. Nc3 Ne4 9. Bd2 Bxc3 10. bxc3 Nxd2 11. Qxd2 O-O 12. Rb1 Re8 13. O-O b6 14. Rb5 Qd6 15. Rg5 Bb7 16. Bb5 a6 17. Ba4 b5 18. Bb3 Na5 19. Nh4 Nxb3 20. axb3 Bc8 21. f4 Qe7 22. Re5 Be6 23. g3 f6 24. Re3 Qf7 25. b4 a5 26. bxa5 Rxa5 27. Rfe1 Raa8 28. Qg2 Rad8 29. Qc6 Qd7 30. Qc5 c6 31. f5 Bd5 32. Re7 Qc8 33. Qa7 Kf8 34. Ng6+ $3 hxg6 35. fxg6 Rxe7 36. Rxe7 Re8 37. Rf7+ Kg8 38. Rxg7+ Kf8 39. Rh7 $2 (39. Rg8+ $3 Bxg8 (39... Kxg8 40. Qh7+ Kf8 41. g7+ Ke7 42. g8=Q+ Kd8 43. Qgg7) 40. g7#) 39... Re1+ 40. Kf2 Qf5+ 41. Kxe1 Qb1+ 42. Kd2 Qb2+ 43. Kd3 Qb1+ 44. Ke3 Qe4+ 45. Kd2 Qg2+ 46. Kc1 Qf1+ 47. Kb2 Qe2+ 48. Ka3 b4+ {Black lost on time!} 1-0

[Event "Friendly"]
[Site "?"]
[Date "1975.??.??"]
[Round "?"]
[White "Street, Martin"]
[Black "Brameld, Arthur F"]
[Result "1/2-1/2"]
[WhiteElo "1740"]
[BlackElo "2150"]
[PlyCount "108"]
[EventDate "1975.??.??"]
[EventType "game"]

1. d4 Nf6 2. c4 c5 3. Nf3 cxd4 4. Nxd4 a6 5. Nc3 e5 6. Nc2 Nc6 7. e4 d6 8. Be2 Be6 9. O-O Be7 10. Re1 O-O 11. Bf1 Rc8 12. Ne3 Nd4 13. b3 b5 14. Bb2 b4 15. Ncd5 Bxd5 16. Nxd5 Nxd5 17. exd5 Bf6 18. Bxd4 exd4 19. Bd3 Be5 20. Qh5 g6 21. Qh3 f5 22. g3 Qa5 23. f4 Bg7 24. Re6 Rfe8 25. Qg2 Rxe6 26. dxe6 Re8 27. Qd5 Qxd5 28. cxd5 Rc8 29. Bc4 a5 30. Re1 Bf6 31. Kf1 Kf8 32. Ke2 a4 33. Kd3 axb3 34. axb3 Ra8 35. Re2 Ra1 36. Bb5 Rc1 37. Rc2 Rxc2 38. Kxc2 Bd8 39. Be2 Bb6 40. Kd3 Bc5 41. Kc4 Ke7 42. Bd3 Kf6 43. Kb5 Ke7 44. Kc6 Ba7 45. h3 h5 46. Be2 Bc5 47. g4 fxg4 48. hxg4 hxg4 49. Bxg4 d3 50. f5 gxf5 51. Bxf5 d2 52. Bg4 Bd4 53. Kb5 Bc3 54. Bh5 Kd8 1/2-1/2

[Event "FareClub"]
[Site "?"]
[Date "1975.??.??"]
[Round "?"]
[White "Brameld, Arthur F"]
[Black "Pratten, Wilf"]
[Result "1-0"]
[WhiteElo "2150"]
[BlackElo "2005"]
[PlyCount "41"]
[EventDate "1975.??.??"]
[EventType "simul"]
[EventRounds "8"]

1. e4 e5 2. Nf3 Nc6 3. d4 exd4 4. c3 d5 5. exd5 Qxd5 6. cxd4 Bg4 7. Be2 O-O-O 8. Be3 Bb4+ 9. Nc3 Nge7 10. h3 Be6 11. O-O Qa5 12. Nb5 Nf5 13. a3 Nxe3 14. axb4 Nxd1 15. bxa5 Nxb2 16. a6 Bc4 17. Bxc4 Nxc4 18. Rfc1 Nb6 19. Ne5 Rhe8 20. axb7+ Kxb7 21. Nxc6 1-0

[Event "FJamb"]
[Site "?"]
[Date "1975.??.??"]
[Round "?"]
[White "Jackson, N."]
[Black "Brameld, Arthur F"]
[Result "0-1"]
[WhiteElo "1990"]
[BlackElo "2150"]
[PlyCount "70"]
[EventDate "1975.??.??"]
[EventType "game"]

1. Nf3 g6 2. g3 Bg7 3. Bg2 e5 4. e4 Nc6 5. Nc3 Nge7 6. O-O O-O 7. d3 d5 8. exd5 Nxd5 9. Nxe5 Nxc3 10. Nxc6 Nxd1 11. Nxd8 Nxb2 12. Bxb2 Rxd8 13. Bxg7 Kxg7 14. Rab1 Rb8 15. Rfe1 Kf6 16. Rb4 c5 17. Rf4+ Bf5 18. h4 h5 19. Be4 Rd4 20. c3 Ra4 21. Re2 Re8 22. f3 Kg7 23. Kf2 Bc8 24. Rb2 Re7 25. c4 f5 26. Bd5 Ra3 27. d4 b6 28. Rd2 Ree3 29. Bc6 Red3 30. Rxd3 Rxd3 31. d5 Kf6 32. g4 Ke5 33. Kg3 hxg4 34. Be8 gxf3 35. Rxf3 f4+ 0-1

[Event "BrChQual"]
[Site "?"]
[Date "1975.??.??"]
[Round "?"]
[White "Brameld, Arthur F"]
[Black "Love, T."]
[Result "1-0"]
[WhiteElo "2150"]
[BlackElo "2005"]
[PlyCount "61"]
[EventDate "1975.??.??"]
[EventType "tourn"]
[EventRounds "3"]

1. e4 g6 2. d4 Bg7 3. Nc3 d6 4. f4 Nf6 5. Nf3 c5 6. e5 Nfd7 7. e6 fxe6 8. Ng5 Nf6 9. Bb5+ Nc6 10. d5 exd5 11. Nxd5 O-O 12. O-O Nd4 13. Bc4 Nxd5 14. c3 e6 15. cxd4 Bxd4+ 16. Kh1 Nc7 17. f5 Rxf5 18. Rxf5 gxf5 19. Qh5 Qe7 20. Bf4 d5 21. Bxc7 dxc4 22. Bd6 Qd7 23. Rd1 b6 24. Be5 Bb7 25. Qh6 Qe7 26. Rxd4 cxd4 27. Bf6 Qd7 28. Be5 Qe7 29. Bd6 Qd7 30. Qf6 h6 31. Qg6+ 1-0

[Event "FareCh"]
[Site "?"]
[Date "1975.??.??"]
[Round "?"]
[White "Irish, Ken"]
[Black "Brameld, Arthur F"]
[Result "0-1"]
[WhiteElo "2785"]
[BlackElo "2150"]
[PlyCount "60"]
[EventDate "1975.??.??"]
[EventType "swiss"]

1. e4 Nf6 2. e5 Nd5 3. d4 d6 4. Nf3 g6 5. Nbd2 Bg7 6. Nc4 O-O 7. Bd3 Nc6 8. c3 Bg4 9. O-O dxe5 10. Qb3 Bxf3 11. gxf3 exd4 12. Qxb7 dxc3 13. Qxc6 Nb4 14. Qe4 Qxd3 15. Qxd3 Nxd3 16. bxc3 Bxc3 17. Rb1 Rab8 18. Bh6 Rfd8 19. Rxb8 Rxb8 20. Rd1 Ne5 21. Nxe5 Bxe5 22. Rd7 Bd6 23. Be3 a6 24. Bc5 Bxc5 25. Rxc7 Bd6 26. Rc2 a5 27. Kg2 a4 28. h4 a3 29. Kh3 Rb2 30. Rc8+ Kg7 0-1

[Event "Ports Lge"]
[Site "?"]
[Date "1975.??.??"]
[Round "?"]
[White "Eastlake, Phil"]
[Black "Brameld, Arthur F"]
[Result "0-1"]
[WhiteElo "1830"]
[BlackElo "2150"]
[PlyCount "63"]
[EventDate "1975.??.??"]
[EventType "swiss"]

1. d4 Nf6 2. c4 e6 3. Nc3 Bb4 4. Bg5 h6 5. Bh4 c5 6. d5 d6 7. Nf3 Bxc3+ 8. bxc3 e5 9. Qc2 Qe7 10. e4 Nbd7 11. Be2 Nf8 12. Nd2 Ng6 13. Bg3 O-O 14. O-O Nf4 15. Rfe1 Nxe2+ 16. Rxe2 Nh5 17. Nf1 f5 18. f3 f4 19. Be1 g5 20. Qd3 Rf7 21. g4 fxg3 22. hxg3 g4 23. Qe3 Rxf3 24. Qxh6 Qf6 25. Qxf6 Nxf6 26. Nh2 Rd3 27. Rb1 b6 28. Rbb2 Ba6 29. Kg2 Bxc4 30. Rbc2 Rf8 31. Rb2 Rf7 32. Rbc2 0-1

[Event "BrChQual"]
[Site "?"]
[Date "1975.??.??"]
[Round "?"]
[White "John, M."]
[Black "Brameld, Arthur F"]
[Result "0-1"]
[WhiteElo "1615"]
[BlackElo "2150"]
[PlyCount "112"]
[EventDate "1975.??.??"]
[EventType "tourn"]
[EventRounds "3"]

1. e4 Nf6 2. e5 Nd5 3. d4 d6 4. c4 Nb6 5. Nf3 Bg4 6. exd6 cxd6 7. Be3 Nc6 8. Nbd2 g6 9. Be2 Bg7 10. Rc1 O-O 11. O-O d5 12. c5 Nc8 13. h3 Bf5 14. Qb3 Qd7 15. Rfd1 e6 16. Ne5 Nxe5 17. dxe5 Qc7 18. g4 Be4 19. f3 Qxe5 20. fxe4 Qg3+ 21. Kf1 Qxh3+ 22. Ke1 dxe4 23. Nxe4 Qh1+ 24. Kf2 Qxe4 25. Bf3 Qe5 26. Kg2 Qxb2+ 27. Qxb2 Bxb2 28. Rb1 Be5 29. Bxb7 Rb8 30. Rd7 f5 31. Bh6 Re8 32. gxf5 gxf5 33. Kf3 Re7 34. Rd8+ Kf7 35. c6 Nb6 36. Rxb8 Bxb8 37. Rd1 Nd5 38. Bg5 Re8 39. Rd4 Rg8 40. Bh4 h5 41. Bf2 Rg4 42. Rd2 h4 43. Rc2 Bc7 44. Bxa7 Rg3+ 45. Kf2 h3 46. Rc1 Rg2+ 47. Kf3 e5 48. Bf2 e4+ 49. Ke2 e3 50. Bc8 Rxf2+ 51. Kd3 h2 52. Bxf5 Rxf5 53. Rh1 Rf2 54. a4 e2 55. a5 Rf1 56. Rxh2 e1=Q 0-1

[Event "Ports Lge"]
[Site "?"]
[Date "1975.??.??"]
[Round "?"]
[White "Hollington, Terry"]
[Black "Brameld, Arthur F"]
[Result "1/2-1/2"]
[WhiteElo "1840"]
[BlackElo "2150"]
[PlyCount "39"]
[EventDate "1975.??.??"]
[EventType "swiss"]

1. f4 e5 2. fxe5 d6 3. Nf3 dxe5 4. e4 Bc5 5. c3 Bg4 6. Qa4+ Nc6 7. Nxe5 Qh4+ 8. g3 Bf2+ 9. Kxf2 Qf6+ 10. Kg2 Qxe5 11. Bb5 O-O-O 12. Bxc6 bxc6 13. d3 Be2 14. Bf4 Qh5 15. Nd2 g5 16. Be5 Bxd3 17. Qxc6 Qe2+ 18. Kh3 Qh5+ 19. Kg2 Qe2+ 20. Kh3 1/2-1/2

[Event "Hants Lge"]
[Site "?"]
[Date "1975.??.??"]
[Round "?"]
[White "Lambert, Glen"]
[Black "Brameld, Arthur F"]
[Result "0-1"]
[WhiteElo "2180"]
[BlackElo "2150"]
[PlyCount "74"]
[EventDate "1975.??.??"]
[EventType "simul"]
[EventRounds "5"]

1. d4 Nf6 2. c4 c5 3. d5 e5 4. Nc3 d6 5. e4 Be7 6. Nf3 O-O 7. Be2 Nbd7 8. O-O a6 9. a3 Ne8 10. b4 Nc7 11. Be3 Rb8 12. Qd2 b6 13. Rab1 g6 14. Bh6 Re8 15. h4 f5 16. exf5 gxf5 17. Ng5 cxb4 18. axb4 Nf6 19. Ne6 Nxe6 20. dxe6 Kh8 21. Qg5 Bf8 22. Bxf8 Rxf8 23. Qxf5 Nd5 24. Qxf8+ Qxf8 25. cxd5 Bb7 26. g3 Rc8 27. Rbc1 Qf5 28. Rfd1 Rf8 29. f3 e4 30. Nxe4 Bxd5 31. e7 Rg8 32. Rxd5 Qxd5 33. Kf1 Qe6 34. Rc7 h6 35. Bc4 d5 36. Bxd5 Qxd5 37. e8=Q Qd1+ 0-1

[Event "BrChQual"]
[Site "?"]
[Date "1975.??.??"]
[Round "?"]
[White "Cullinane, Anthony R"]
[Black "Brameld, Arthur F"]
[Result "1/2-1/2"]
[WhiteElo "2100"]
[BlackElo "2150"]
[PlyCount "59"]
[EventDate "1975.??.??"]
[EventType "tourn"]
[EventRounds "3"]

1. f4 e5 2. fxe5 d6 3. exd6 Bxd6 4. Nf3 g5 5. d4 g4 6. Ng5 f5 7. e4 f4 8. Nh3 f3 9. Nf4 Nh6 10. e5 Be7 11. g3 Nf5 12. c3 h5 13. Ng6 Rg8 14. Nxe7 Qxe7 15. Bf4 h4 16. Bd3 Rh8 17. Kf2 Be6 18. Nd2 Nd7 19. Ne4 Rh5 20. Qa4 Kf7 21. Nf6 Nxf6 22. exf6 Qxf6 23. Bc4 c6 24. Bxe6+ Qxe6 25. Rae1 hxg3+ 26. hxg3 Qxe1+ 27. Rxe1 Rh2+ 28. Kf1 Rh1+ 29. Kf2 Rh2+ 30. Kf1 1/2-1/2

[Event "BrChQual"]
[Site "?"]
[Date "1975.??.??"]
[Round "?"]
[White "Love, T."]
[Black "Brameld, Arthur F"]
[Result "1-0"]
[WhiteElo "2005"]
[BlackElo "2150"]
[PlyCount "131"]
[EventDate "1975.??.??"]
[EventType "tourn"]
[EventRounds "3"]

1. c4 e5 2. g3 Nc6 3. Bg2 g6 4. Nc3 Bg7 5. Nf3 d6 6. O-O Nge7 7. Rb1 Be6 8. d3 h6 9. b4 Qd7 10. b5 Nd8 11. Re1 O-O 12. Qb3 f5 13. Nd5 Kh7 14. Bd2 Bg8 15. Rec1 Ne6 16. Nxe7 Qxe7 17. Be1 Nc5 18. Qd1 e4 19. dxe4 fxe4 20. Nd4 Rae8 21. Nb3 Rf5 22. Qc2 Nxb3 23. axb3 c6 24. bxc6 bxc6 25. b4 d5 26. cxd5 cxd5 27. Qc7 d4 28. Ra1 Be5 29. Qxe7+ Rxe7 30. Bxe4 Rf6 31. Bd3 Rb6 32. Ra5 Bf6 33. Rca1 Rbb7 34. Ra6 Kg7 35. Rd6 Re6 36. Raa6 Rxd6 37. Rxd6 Bf7 38. Bd2 g5 39. Kg2 Be5 40. Ra6 Bf6 41. Kf1 Be7 42. b5 Be8 43. Ke1 Bxb5 44. Rg6+ Kf7 45. Rxh6 Bxd3 46. exd3 Bf6 47. Rh7+ Bg7 48. Rh5 Rb1+ 49. Ke2 Rb2 50. Kd1 Rb1+ 51. Kc2 Rf1 52. f4 gxf4 53. Bxf4 Ra1 54. Bc1 Ra6 55. Rc5 Ke6 56. h4 Bf8 57. Rc8 Bd6 58. g4 Ra2+ 59. Bb2 Ba3 60. Rb8 Bxb2 61. Rxb2 Ra1 62. Rb5 Rh1 63. h5 Rh4 64. Rg5 Rh3 65. Rg6+ Kf7 66. Rd6 1-0

[Event "Ports Lge"]
[Site "?"]
[Date "1975.??.??"]
[Round "?"]
[White "Brameld, Arthur F"]
[Black "Yeeles, William"]
[Result "1-0"]
[WhiteElo "2150"]
[BlackElo "1965"]
[PlyCount "45"]
[EventDate "1975.??.??"]
[EventType "swiss"]

1. d4 d5 2. Nc3 Bf5 3. f3 e6 4. e4 Bg6 5. Bd3 Bb4 6. Nge2 Ne7 7. O-O O-O 8. Bg5 Bxc3 9. bxc3 f6 10. Bh4 Nd7 11. c4 Bf7 12. cxd5 exd5 13. exd5 Nxd5 14. c4 Ne3 15. Bxh7+ Kh8 16. Qd3 Nxf1 17. Rxf1 Bxc4 18. Qf5 Bxe2 19. Qh5 Rf7 20. Bg6+ Kg8 21. Bxf7+ Kf8 22. Re1 Qe7 23. Bb3 1-0

[Event "Ports Lge"]
[Site "?"]
[Date "1975.??.??"]
[Round "?"]
[White "Brameld, Arthur F"]
[Black "Lee, Peter J"]
[Result "1-0"]
[WhiteElo "2150"]
[BlackElo "2205"]
[PlyCount "59"]
[EventDate "1975.??.??"]
[EventType "swiss"]

1. d4 Nf6 2. c4 e6 3. Nc3 Bb4 4. e3 b6 5. Nge2 Ba6 6. a3 Bxc3+ 7. Nxc3 d5 8. b3 O-O 9. Be2 Nc6 10. O-O dxc4 11. bxc4 Na5 12. Qa4 Qe8 13. Nb5 Qd7 14. Bd2 c6 15. Nc3 Rac8 16. Na2 c5 17. Qxd7 Nxd7 18. Bxa5 bxa5 19. Rfd1 Nb6 20. Rac1 g6 21. Kf1 Rfd8 22. Ke1 cxd4 23. c5 Bxe2 24. Kxe2 Nd5 25. exd4 Rb8 26. Nc3 Rb2+ 27. Kf1 Rb3 28. Nxd5 exd5 29. c6 Rc8 30. Rc5 1-0

[Event "FareCh"]
[Site "?"]
[Date "1975.??.??"]
[Round "?"]
[White "Brameld, Arthur F"]
[Black "De Buriatte, Tim"]
[Result "0-1"]
[WhiteElo "2150"]
[BlackElo "1720"]
[PlyCount "78"]
[EventDate "1975.??.??"]
[EventType "swiss"]

1. d4 c6 2. e4 d5 3. exd5 cxd5 4. c4 dxc4 5. Bxc4 e6 6. Nf3 Be7 7. O-O Nf6 8. Nc3 O-O 9. Bf4 a6 10. Qe2 b5 11. Bd3 Bb7 12. Rfd1 Nd5 13. Qe4 g6 14. Bh6 Re8 15. Ne5 f5 16. Qe2 Bg5 17. Bxg5 Qxg5 18. Nf3 Qf6 19. Nxd5 Bxd5 20. a4 bxa4 21. Bc2 Nc6 22. Bxa4 Red8 23. Ne5 Nxe5 24. dxe5 Qg5 25. f3 Rab8 26. Rd2 Rb4 27. b3 Rh4 28. Rad1 Rb4 29. Qf2 Rdb8 30. Rxd5 exd5 31. Qc5 d4 32. Qd5+ Kg7 33. e6 Qe3+ 34. Kh1 Kf6 35. Bd7 Rxb3 36. h4 Rb1 37. Rxb1 Rxb1+ 38. Kh2 Qf4+ 39. g3 Qd2+ 0-1

[Event "Ports Lge"]
[Site "?"]
[Date "1975.??.??"]
[Round "?"]
[White "Carter, Anthony FC"]
[Black "Brameld, Arthur F"]
[Result "0-1"]
[WhiteElo "2140"]
[BlackElo "2150"]
[PlyCount "61"]
[EventDate "1975.??.??"]
[EventType "swiss"]

1. e4 Nf6 2. e5 Nd5 3. d4 d6 4. Nf3 g6 5. Bc4 Nb6 6. Bb3 Bg7 7. exd6 cxd6 8. O-O O-O 9. Re1 h6 10. Be3 Nc6 11. Qd2 Kh7 12. a4 Bg4 13. a5 Nd7 14. a6 Bxf3 15. axb7 Rb8 16. gxf3 Rxb7 17. Bd5 Qb6 18. f4 e6 19. Bf3 d5 20. Ra4 Qxb2 21. Na3 Rb4 22. Rb1 Qxb1+ 23. Nxb1 Rxa4 24. Nc3 Ra1+ 25. Kg2 Rb8 26. Ne2 Ra4 27. c3 Nb6 28. Qc2 Rc4 29. Qa2 Na4 30. Qa3 Bf8 31. Qa1 0-1

[Event "SRCSSC"]
[Site "?"]
[Date "1975.??.??"]
[Round "?"]
[White "Brameld, Arthur F"]
[Black "Hole, S."]
[Result "1-0"]
[WhiteElo "2150"]
[BlackElo "2680"]
[PlyCount "35"]
[EventDate "1975.??.??"]
[EventType "game"]

1. e4 e6 2. d4 g6 3. c4 Bg7 4. Nc3 Qf6 5. Nf3 b6 6. Bg5 Qxg5 7. Nxg5 f6 8. Nh3 Bb7 9. Bd3 f5 10. d5 Ne7 11. dxe6 dxe6 12. Nf4 Kf7 13. Qe2 g5 14. exf5 Ke8 15. Qh5+ Kd7 16. fxe6+ Kc8 17. Nfd5 Bf8 18. Qe8# 1-0

[Event "FareCh"]
[Site "?"]
[Date "1975.??.??"]
[Round "?"]
[White "Dean, Ken"]
[Black "Brameld, Arthur F"]
[Result "0-1"]
[WhiteElo "2760"]
[BlackElo "2150"]
[PlyCount "72"]
[EventDate "1975.??.??"]
[EventType "swiss"]

1. d4 f5 2. Nf3 Nf6 3. e3 e6 4. c3 Be7 5. Nbd2 O-O 6. b4 a5 7. bxa5 Nc6 8. Bd3 Nxa5 9. O-O b6 10. a4 Bb7 11. Qe2 Ne4 12. Nb1 Nb3 13. Ra2 Nxc1 14. Rxc1 Qe8 15. Ra1 Bd6 16. Ne5 Bxe5 17. dxe5 Qg6 18. g3 Ng5 19. Nd2 Qh6 20. h4 Ra5 21. f4 Ne4 22. Nxe4 fxe4 23. Bc2 d6 24. Rf1 dxe5 25. fxe5 Rf3 26. Rxf3 exf3 27. Qf2 Rxe5 28. Re1 g5 29. Kh2 gxh4 30. gxh4 Rg5 31. Rg1 Rxg1 32. Kxg1 Qg7+ 33. Kf1 Ba6+ 34. Ke1 Qxc3+ 35. Kd1 Be2+ 36. Kc1 Bd3 0-1

[Event "Hants Lge"]
[Site "?"]
[Date "1975.??.??"]
[Round "?"]
[White "Brameld, Arthur F"]
[Black "Crossin, Austin D"]
[Result "1/2-1/2"]
[WhiteElo "2150"]
[BlackElo "1885"]
[PlyCount "85"]
[EventDate "1975.??.??"]
[EventType "simul"]
[EventRounds "5"]

1. e4 e6 2. d4 d5 3. Nd2 Nd7 4. c4 dxe4 5. Nxe4 Ngf6 6. Bd3 Nxe4 7. Bxe4 Nf6 8. Bf3 Be7 9. Ne2 O-O 10. O-O c6 11. Be3 Qc7 12. Bf4 Bd6 13. Bxd6 Qxd6 14. Re1 e5 15. dxe5 Qxe5 16. Nc3 Qc5 17. Ne4 Nxe4 18. Rxe4 Be6 19. Qe1 Rfe8 20. Bg4 Qe7 21. Bxe6 fxe6 22. Qe2 Rad8 23. Re1 b6 24. g3 Rd6 25. f4 g6 26. b3 Qd7 27. Qg4 Kf7 28. R1e2 Qe7 29. Kg2 h5 30. Qg5 Qxg5 31. fxg5 e5 32. Rf2+ Kg7 33. Rfe2 Ree6 34. Kh3 Kf7 35. R2e3 a5 36. a4 Rd4 37. Rxe5 Rxe5 38. Rxe5 Rd3 39. c5 Rxb3 40. cxb6 Rxb6 41. Rxa5 Ke6 42. Ra7 Kf5 43. Ra5+ 1/2-1/2

[Event "BrChQual"]
[Site "?"]
[Date "1975.??.??"]
[Round "?"]
[White "Brameld, Arthur F"]
[Black "Cullinane, Anthony R"]
[Result "1-0"]
[WhiteElo "2150"]
[BlackElo "2100"]
[PlyCount "33"]
[EventDate "1975.??.??"]
[EventType "tourn"]
[EventRounds "3"]

1. e4 e5 2. Nf3 Nf6 3. d4 d6 4. Nc3 Nbd7 5. Bc4 Be7 6. dxe5 dxe5 7. O-O O-O 8. Qe2 c6 9. a4 b6 10. Rd1 Qc7 11. Nh4 Re8 12. Nf5 Bf8 13. Bg5 h6 14. Rxd7 Bxd7 15. Bxf6 gxf6 16. Qg4+ Kh7 17. Bxf7 1-0

[Event "BrChQual"]
[Site "?"]
[Date "1975.??.??"]
[Round "?"]
[White "Brameld, Arthur F"]
[Black "John, M."]
[Result "1-0"]
[WhiteElo "2150"]
[BlackElo "1615"]
[PlyCount "71"]
[EventDate "1975.??.??"]
[EventType "tourn"]
[EventRounds "3"]

1. e4 c5 2. Nf3 Nc6 3. d4 cxd4 4. Nxd4 Nf6 5. Nc3 d6 6. Bc4 e6 7. Be3 a6 8. Qe2 Qc7 9. Bb3 Be7 10. O-O-O Na5 11. g4 Nxb3+ 12. axb3 g6 13. g5 Nh5 14. f4 b5 15. Rhf1 O-O 16. f5 b4 17. Na4 e5 18. fxg6 hxg6 19. Nf5 Nf4 20. Nxe7+ Qxe7 21. Bxf4 exf4 22. h4 Bb7 23. Rxf4 Qe5 24. Qg4 Rae8 25. Nb6 Bc6 26. Nd5 Rd8 27. Nf6+ Kh8 28. h5 Bd7 29. Nxd7 Rxd7 30. hxg6 Kg7 31. Rdf1 Re7 32. Qh5 Rh8 33. gxf7 Qxf4+ 34. Rxf4 Rxh5 35. f8=Q+ Kh7 36. Qxe7+ 1-0

[Event "Hants Lge"]
[Site "?"]
[Date "1976.??.??"]
[Round "?"]
[White "Stritton, Louis"]
[Black "Brameld, Arthur F"]
[Result "1-0"]
[WhiteElo "2165"]
[BlackElo "2150"]
[PlyCount "72"]
[EventDate "1976.??.??"]
[EventType "simul"]
[EventRounds "3"]

1. e4 Nf6 2. e5 Nd5 3. d4 d6 4. Nf3 g6 5. c4 Nb6 6. exd6 cxd6 7. Be2 Bg7 8. Nc3 O-O 9. O-O Bg4 10. Be3 Nc6 11. b3 d5 12. c5 Nc8 13. b4 a6 14. Rb1 e6 15. a4 N8e7 16. b5 axb5 17. axb5 Na5 18. Bg5 h6 19. Bxe7 Qxe7 20. Rb4 Rfd8 21. Na4 Bxf3 22. Bxf3 Nc4 23. Be2 Qf6 24. c6 bxc6 25. bxc6 Rac8 26. Bxc4 dxc4 27. Rxc4 Rxd4 28. Qc2 e5 29. Rc1 Qd6 30. c7 Rd2 31. Qb3 Rd3 32. Qb1 Qa3 33. Nb6 Rb3 34. Qxb3 Qxb3 35. Nxc8 e4 36. Ne7+ Kh7 1-0

[Event "FareCh"]
[Site "?"]
[Date "1976.??.??"]
[Round "?"]
[White "Judd, E."]
[Black "Brameld, Arthur F"]
[Result "0-1"]
[WhiteElo "2820"]
[BlackElo "2150"]
[PlyCount "56"]
[EventDate "1976.??.??"]
[EventType "swiss"]

1. e4 Nf6 2. Nc3 d5 3. e5 d4 4. exf6 dxc3 5. fxe7 cxd2+ 6. Bxd2 Bxe7 7. Nf3 O-O 8. Bc4 Bf6 9. c3 Re8+ 10. Be3 Nc6 11. O-O Bg4 12. Qb3 Qe7 13. Rfe1 Bxf3 14. gxf3 Na5 15. Qb5 Nxc4 16. Qxc4 Be5 17. Kh1 Qf6 18. Qg4 Qc6 19. Rg1 Re6 20. Bd4 Bxd4 21. cxd4 Rg6 22. Qe4 Rf6 23. d5 Qd6 24. Rg3 Rf4 25. Qd3 Re8 26. Rag1 g6 27. Qc3 Qxd5 28. Rd1 Qxd1+ 0-1